000 01048cam a22003257a 4500
003 CHAP
005 20220329135737.0
008 980811d1994 es ab r 00110 spa d
010 _a41372
011 _a42344
020 _a8428208476
035 _a46473
040 _cCHAP
082 0 4 _a551.4
_bS8Y 1987
100 0 0 _aStrahler, Arthur N.
_9109939
245 1 3 _aGeografía física
_c/por Arthur N. Strahler y Alan H. Strahler
260 _aBarcelona :
_bOmega,
_c1994 [c.1989]
300 _a550 p. :
_bilus. ; gráfs. ; mapas
500 _aTrad. de : Modern physical geograph. 3 ed. de 1987.
590 _aBATCH-UPD
_b10
_c20130110
_lUCH01
_h2050
590 _aBATCH-UPD
_b10
_c20130410
_lUCH01
_h1403
590 _aBATCH-UPD
_b10
_c20130914
_lUCH01
_h1539
590 _aCONVERSION
_b10
_c20130109
_lUCH01
_h1323
650 1 4 _aGeografía física.
_947590
700 0 _aStrahler, Alan H.
_9109938
901 _aBK
905 _aGuadalupe Pinto C.
942 _cLIBRO
949 _a551.4 S8Y 1987
_bBC
_cLIBRO
_d33724000935946
_eLIBRO
_h76474
_i46473
_si
999 _c41372
_d41372